000
00257nam a2200109Ia 4500
008
220204s9999 xx 000 0 und d
082
_a
543.061
_b
ALE
100
_a
Alexeyev, V N
245
0
_a
Qualitative analysis
260
_a
Moscow
_b
Mir
_c
1971
942
_c
BK
999
_c
24161
_d
24161